Pays qui ont gagné le plus de médailles olympique - Statistiques

Statistiques générales
  • Ce quiz a été pris 310 fois
  • Le résultat moyen est 24 sur 30
Statistiques - réponses
continent médailles pays % Correct
Europe 822 France
100%
Asia 596 Chine
98%
North America 2802 Etats-Unis
98%
Europe 1067 Allemagne /
Allemagne de l'Ouest
96%
Oceania 509 Australie
96%
North America 472 Canada
96%
Asia 484 Japon
95%
South America 128 Brésil
93%
Oceania 118 Nouvelle-Zélande
93%
Europe 691 Italie
92%
South America 74 Argentine
91%
North America 67 Mexique
91%
Africa 86 Afrique du Sud
87%
Asia 317 Corée du Sud
86%
South America 13 Chili
85%
South America 27 Colombie
83%
North America 219 Cuba
80%
Europe 873 Grande Bretagne
80%
Europe 1339 Union soviétique /
Équipe unifiée
79%
North America 78 Jamaïque
76%
Africa 100 Kenya
76%
Africa 29 Égypte
75%
Oceania 1 Fidji
74%
South America 15 Venezuela
71%
Africa 53 Éthiopie
70%
Oceania 1 Samoa
59%
Oceania 1 Tonga
58%
Asia 68 Iran
54%
Africa 24 Nigeria
52%
Asia 94 Turquie
51%
Aucun quiz correspondant
Distribution des résultats
% des personnes avec chaque résultat
Percentile par nombre de réponses
Votre historique - résultats
Vous n’avez pas pris ce quiz